Biology of Microorganisms (Record no. 587)

MARC details
000 -LEADER
fixed length control field 01032pam a2200301 a 4500
001 - CONTROL NUMBER
control field 2049734
003 - CONTROL NUMBER IDENTIFIER
control field OSt
005 - DATE AND TIME OF LATEST TRANSACTION
control field 20230201114831.0
008 - FIXED-LENGTH DATA ELEMENTS--GENERAL INFORMATION
fixed length control field 930511s1994 njua b 001 0 eng
010 ## - LIBRARY OF CONGRESS CONTROL NUMBER
LC control number 93008549
020 ## - INTERNATIONAL STANDARD BOOK NUMBER
International Standard Book Number 0130421693
040 ## - CATALOGING SOURCE
Original cataloging agency DLC
Transcribing agency DLC
Modifying agency DLC
050 00 - LIBRARY OF CONGRESS CALL NUMBER
Classification number QR41.2
Item number .B77 1994
082 00 - DEWEY DECIMAL CLASSIFICATION NUMBER
Classification number QW4 T361b 1994
Edition number 20
100 ## - MAIN ENTRY--PERSONAL NAME
Personal name Thomas, D. Brock [et...al]
9 (RLIN) 16437
245 00 - TITLE STATEMENT
Title Biology of Microorganisms
250 ## - EDITION STATEMENT
Edition statement 7th ed.
260 ## - PUBLICATION, DISTRIBUTION, ETC. (IMPRINT)
Place of publication, distribution, etc. New Jersey:
Name of publisher, distributor, etc. Prentice Hall,
Date of publication, distribution, etc. c1994.
300 ## - PHYSICAL DESCRIPTION
Extent xvii, 909 p. :
Other physical details ill. (some col.) ;
Dimensions 29 cm.
500 ## - GENERAL NOTE
General note Rev. ed. of: Biology of microorganisms / Thomas D. Brock, Michael T. Madigan. 6th ed. c1991.
504 ## - BIBLIOGRAPHY, ETC. NOTE
Bibliography, etc Includes bibliographical references and index.
650 #0 - SUBJECT ADDED ENTRY--TOPICAL TERM
Topical term or geographic name as entry element Microbiology.
9 (RLIN) 749
650 #0 - SUBJECT ADDED ENTRY--TOPICAL TERM
Topical term or geographic name as entry element Microorganisms
9 (RLIN) 16438
650 #0 - SUBJECT ADDED ENTRY--TOPICAL TERM
Topical term or geographic name as entry element Biology
9 (RLIN) 5602
906 ## - LOCAL DATA ELEMENT F, LDF (RLIN)
a 7
b cbc
c orignew
d 1
e ocip
f 19
g y-gencatlg
942 ## - ADDED ENTRY ELEMENTS (KOHA)
Source of classification or shelving scheme Other/Generic Classification Scheme
Koha item type Short Loan
Holdings
Withdrawn status Lost status Source of classification or shelving scheme Damaged status Not for loan Home library Current library Date acquired Source of acquisition Inventory number Total Checkouts Full call number Barcode Date last seen Price effective from Koha item type
    Other/Generic Classification Scheme     MUST Main Library MUST Main Library 23/10/2014 Purchase 17190   QW 4 BIO 1994 2014-3118 23/10/2014 23/10/2014 Short Loan